Football Teams Michael Laudrup Played For - Statistics

General Stats
  • This quiz has been taken 20 times
  • The average score is 5 of 7
Answer Stats
League Years Team % Correct
Spain 1989-1994 FC Barcelona
100%
Spain 1994-1996 Real Madrid
100%
Netherlands 1997-1998 AFC Ajax
94%
Italy 1985-1989 Juventus FC
88%
Italy 1983-1985 SS Lazio
59%
Denmark 1982-1983 Brøndby IF
41%
Japan 1996-1997 Vissel Kobe
29%
No matching quizzes found
Score Distribution
Percent of People with Each Score
Percentile by Number Answered
Your Score History
You have not taken this quiz